Catalog

Record Details

Catalog Search



Kerigma und Historischer Jesus / James M. Robinson. Cover Image Book Book

Kerigma und Historischer Jesus / James M. Robinson.

Robinson, James M. (Author).

Record details

  • Physical Description: 192 s.
  • Publisher: Zürich ; Stuttgart : Zwingli Verlag , 1960.

Available copies

  • 1 of 1 copy available at Common Catalog SPOK.

Holds

  • 0 current holds with 1 total copy.
Show Only Available Copies
Location Call Number / Copy Notes Barcode Shelving Location Status Due Date
ETS Library 232.95 424470017592 Volný výběr Available -

LDR nam a22 i 4500
00146316
003CZ-PrJAB
00520200403122555.0
007ta
008 s xr e 000 0 cze
040 . ‡aABG450 ‡bcze ‡erda
072 7. ‡2Konspekt
08214. ‡a232.95
1001 . ‡aRobinson, James M.
24510. ‡aKerigma und Historischer Jesus / ‡bJames M. Robinson.
264 1. ‡aZürich ; Stuttgart : ‡bZwingli Verlag , ‡c1960.
300 . ‡a192 s.
336 . ‡atext ‡btxt ‡2rdacontent
338 . ‡asvazek ‡bnc ‡2rdacarrier
910 . ‡aABG450
901 . ‡a46316 ‡b ‡c46316 ‡tbiblio

Additional Resources